Top 100 Biggest Cities in Countries that Start with L - Statistics

General Stats
  • This quiz has been taken 192 times
  • The average score is 17 of 100
Answers on the Map
Answers color-coded by a green-red scale on the quiz's map according to % correct below.
 
Answer Stats
Country City Population % Correct
Lebanon Beirut 1,650,000
98%
Luxembourg Luxembourg City 122,273
96%
Latvia Riga 627,487
96%
Libya Tripoli 2,220,000
96%
Lebanon Tripoli 450,000
96%
Laos Vientiane 620,157
93%
Lithuania Vilnius 550,834
93%
Liberia Monrovia 1,021,762
88%
Libya Benghazi 1,501,000
77%
Lesotho Maseru 330,760
72%
Lithuania Kaunas 289,364
65%
Luxembourg Esch-sur-Alzette 36,218
44%
Lithuania Klaipeda 149,116
44%
Latvia Daugavpils 82,046
43%
Lebanon Tyre 125,000
35%
Laos Luang Prabang 66,781
26%
Lebanon Sidon 250,000
26%
Latvia Liepaja 68,535
25%
Lithuania Šiauliai 101,511
23%
Libya Misrata 550,000
20%
Latvia Ventspils 33,906
19%
Latvia Jurmala 49,687
18%
Lithuania Alytus 49,895
14%
Luxembourg Differdange 27,409
14%
Laos Pakse 68,093
14%
Lithuania Panevėžys 85,885
14%
Libya Tobruk 200,771
14%
Lebanon Byblos 50,000
13%
Latvia Jelgava 56,062
13%
Libya Sirte 128,123
13%
Lebanon Baalbek 85,000
12%
Liberia Buchanan 50,245
11%
Libya Sabha 103,743
11%
Laos Savannakhet 91,684
11%
Lithuania Marijampolė 34,975
9%
Lithuania Utena 25,397
9%
Libya Derna 150,000
8%
Latvia Rezekne 27,613
8%
Latvia Ogre 23,273
7%
Libya Ajdabiya 184,820
6%
Libya Al Bayda 209,000
6%
Liberia Gbarnga 56,986
6%
Libya Khoms 88,317
6%
Lebanon Zahlé 140,000
6%
Libya Zliten 299,218
6%
Libya Zuwara 75,893
6%
Libya Garyan 170,000
5%
Lithuania Jonava 26,423
5%
Lesotho Maputsoe 55,541
5%
Libya Bani Waled 95,425
4%
Liberia Ganta 42,077
4%
Libya Kufra 68,940
4%
Lesotho Mafeteng 39,754
4%
Libya Marj 162,894
4%
Lithuania Mažeikiai 32,470
4%
Lesotho Mohales Hoek 40,040
4%
Libya Msallata 46,169
4%
Laos Paksan 25,805
4%
Laos Phonsavan 48,643
4%
Lesotho Quthing 27,314
4%
Libya Sabratah 80,000
4%
Libya Tajoura 60,681
4%
Lesotho Teyateyaneng 24,257
4%
Liberia Zwedru 25,349
4%
Libya Awbari 27,796
3%
Lesotho Butha-Buthe 35,108
3%
Liberia Harper 23,517
3%
Lebanon Hermel 40,000
3%
Lesotho Hlotse 38,558
3%
Laos Huay Xai 29,866
3%
Liberia Kakata 34,608
3%
Laos Muang Xai 35,289
3%
Lebanon Nabatieh 25,000
3%
Liberia Pleebo 23,464
3%
Libya Surman 36,707
3%
Libya Tarhunah 50,715
3%
Laos Thakhek 38,388
3%
Laos Xeno 25,135
3%
Libya Zawiya 234,000
3%
Lebanon Aley 30,000
2%
Libya Al Qubah 70,631
2%
Liberia Harbel 25,309
2%
Libya Jadid 27,503
2%
Laos Luang Namtha 28,551
2%
Libya Waddan 27,000
2%
Libya Ajmail 39,344
1%
Libya Al-Abyar 26,600
1%
Libya Al Mayah 23,222
1%
Libya Al Uqaylah 26,813
1%
Libya An Nawfaliyah 25,997
1%
Libya Asbi'ah 27,693
1%
Laos Muang Phiang 34,442
1%
Laos Nam Bak 27,814
1%
Laos Pak Lay 23,039
1%
Laos Phonhong 30,805
1%
Laos Phonthong 25,084
1%
Libya Riqdalin 25,831
1%
Laos Sainyabuli 31,482
1%
Libya Shahhat 28,818
1%
Libya Tawergha 24,223
1%
No matching quizzes found
Score Distribution
Percent of People with Each Score
Percentile by Number Answered
Your Score History
You have not taken this quiz